NBA 10 Leading Scorers Who Played For The Pacers - Statistics

General Stats
  • This quiz has been taken 19 times
  • The average score is 2 of 10
Answer Stats
Points Years Player % Correct
25,279 1987-2005 Reggie Miller
100%
18,673 2010-2017 Paul George
79%
25,613 1978-1980 Alex English
11%
17,911 1997-2000 Chris Mullin
11%
15,761 1989-1993 Detlef Schrempf
11%
19,202 1995-1997 Eddie Johnson
11%
23,177 1977 Adrian Dantley
5%
14,862 1977-1981 Bob Lanier
0%
15,324 1999-2001 Sam Perkins
0%
15,373 2003 Tim Hardaway
0%
No matching quizzes found
Score Distribution
Percent of People with Each Score
Percentile by Number Answered
Your Score History
You have not taken this quiz